Find the European Countries Ending in 'A' Quiz Stats

 Plays Quiz Updated Jun 12, 2018

Challenge
Share
Tweet
Score 0/18 Timer 03:00
16 Plays Today
% Correct
Romania
92.1%
Austria
91.8%
Latvia
91.5%
Croatia
91.3%
Bosnia and Herzegovina
91.3%
Lithuania
91%
Serbia
90.7%
Estonia
90%
Bulgaria
89.5%
% Correct
Slovakia
88.7%
Albania
88.1%
Macedonia
86.4%
Russia
85.7%
Slovenia
81.7%
Moldova
81.3%
Czechia
72.6%
Andorra
64.8%
Malta
61.3%

You're not logged in!

Compare scores with friends on all Sporcle quizzes.
OR
Log In

You Might Also Like...

Show Comments

Extras

Top Quizzes Today


Score Distribution

Your Account Isn't Verified!

In order to create a playlist on Sporcle, you need to verify the email address you used during registration. Go to your Sporcle Settings to finish the process.

Report this User

Report this user for behavior that violates our Community Guidelines.

Details: